LEADER 01390nam a2200301 i 4500 001 000000072152 003 CaOOAMICUS 005 20090218000000.0 008 090218s1983 fr u000 u fre u 013 $a43324 020 $a2130377254 040 $aSeMil$bita 100 1 $aBréhier, Émile <1876-1952>.$0(OLS)http://semarc/name/729 245 10$aAntiquité et Moyen Age /$cÉmile Bréhier ; édition revue et mise à jour par Pierre-Maxime Schuhl et Maurice de Gandillac ; avec la collaboration de É. Jeauneau ... [et al.]. 250 $a2. éd. 260 $aParis :$bPUF,$c1983. 300 $a702 p. ;$c19 cm. 490 0 $aQuadrige ;$v21 700 1 $aJeauneau, Édouard,$d<1924-2019>.$0(OLS)http://semarc/name/3623 700 1 $aGandillac, Maurice : de,$d<1906-2006>.$0(OLS)http://semarc/name/25413 700 1 $aSchuhl, Pierre-Maxime <1902-1984>.$0(OLS)http://semarc/name/9190 773 0 $aBréhier, Émile <1876-1952>$tHistoire de la philosophie.$dParis : PUF, 1983.$b2. éd.$kQuadrige$g1$w()858 830 0$aQuadrige ;$v21.$0(OLS)http://semarc/title/8031 850 $aSeMil 852 $aSeMil$W1$xVenegono$y1$m2P V 386$j38305$B38305$CSeMilBibl$Z2$F38308 $81 996 $6020$a2130377254$9(OLS)http://semarc/number/51381 996 $6245$aAntiquité et Moyen Age$9(OLS)http://semarc/title/116249 996 $6260$aParis :$bPUF$9(OLS)http://semarc/publisher/30045 LEADER 01020nam a2200229 i 4500 001 000000105545 003 CaOOAMICUS 005 20020906000000.0 008 020906s1994 it u000 u ita u 013 $a77739 040 $aSeMil$bita 100 1 $aBissoli, Cesare.$0(OLS)http://semarc/name/510 245 13$aLa Bibbia nell'azione pastorale e nella catechesi :$bproblemi, orientamenti, modelli /$cCesare Bissoli. 260 $aRoma :$b[s.n.],$c1994. 300 $a316 p. ;$c25 cm. 500 $aIn testa al front. : Istituto di Catechetica, dipartimento di Pastorale Giovanile e Catechetica : corso E2201. 650 4$aBibbia - Catechesi.$0(OLS)http://semarc/subject/895 850 $aSeMil 852 $aSeMil$W1$xVenegono$y1$m2Z IV 97$j61724$B61724$CSeMilBibl$Z2$F72097 $81 961 $aOmaggio: Bagatin Luca 996 $6245$aLa Bibbia nell'azione pastorale e nella catechesi :$bproblemi, orientamenti, modelli$9(OLS)http://semarc/title/152793 996 $6260$aRoma :$b[s.n.]$9(OLS)http://semarc/publisher/29738 LEADER 01155nam a2200277 i 4500 001 000000117521 003 CaOOAMICUS 005 20030901000000.0 008 030901s1996 it u000 u ita u 013 $a90210 020 $a88-384-2557-4 040 $aSeMil$bita 100 1 $aVanhoye, Albert,$c.$0(OLS)http://semarc/name/4665 245 10$aPietro e Paolo :$besercizi spirituali biblici /$cAlbert Vanhoye. 260 $aCasale Monferrato (AL) :$bPiemme,$c1996. 300 $a220 p. ;$c22 cm. 500 $aFondo Card. C.M. Martini. 650 4$aPietro - Meditazioni.$0(OLS)http://semarc/subject/10697 650 4$aPaolo - Meditazioni.$0(OLS)http://semarc/subject/7504 850 $aSeMil 852 $aSeMil$W1$xVenegono$y1$m3F VI 85$j72892$B72892$CSeMilBibl$Z2$F83599 $81 941 1 $a4 961 $aOmaggio: Martini Card. Carlo Maria 996 $6020$a88-384-2557-4$9(OLS)http://semarc/number/101908 996 $6245$aPietro e Paolo :$besercizi spirituali biblici$9(OLS)http://semarc/title/172499 996 $6260$aCasale Monferrato (AL) :$bPiemme$9(OLS)http://semarc/publisher/30052 LEADER 01124nam a2200265 i 4500 001 000000082019 003 CaOOAMICUS 005 20180718000000.0 008 180718s2011 it u000 u ita u 013 $a54259 020 $a978-88-514-0875-6 040 $aSeMil$bita 245 13$aLa Bibbia giovane /$ca cura di Bruno Maggioni e Gregorio Vivaldelli ; nuova traduzione (2008) della Conferenza Episcopale italiana. 250 $a2. ed. 260 $aMilano [etc.] :$bÀncora,$c2011. 300 $a1767 p. :$bill. ;$c24 cm. 650 4$aBibbia - Traduzioni italiane - Commenti.$0(OLS)http://semarc/subject/1816 700 1 $aVivaldelli, Gregorio.$0(OLS)http://semarc/name/62107 700 1 $aMaggioni, Bruno,$d<1932-2020>.$0(OLS)http://semarc/name/4235 850 $aSeMil 852 $aSeMil$W1$xVenegono$y1$m2VA V 29$j268731$B47150$CSeMilBibl$Z2$F49618 $81 961 $aOmaggio: Giacomoni Silvia 996 $6020$a978-88-514-0875-6$9(OLS)http://semarc/number/271283 996 $6245$aLa Bibbia giovane$9(OLS)http://semarc/title/404880 996 $6260$aMilano [etc.] :$bÀncora$9(OLS)http://semarc/publisher/32331